00407nam a2200157Ia 4500008004100000020001500041082001800056100001400074245004000088250000800128260002800136300001200164500002500176650002900201700001900230230524s9999 xx 000 0 und d a8122000274 a621.4021bRAO aV.S.P.Rao 0aOrganisational Theory and Behaviour a2ND aNEW DELHIbKonarkc2000 aXIX;764 aQuantity Number: 20 aOrganisational Behaviour a P.S. Narayana